| 000 | 01360nam a2200349 i 4500 | ||
|---|---|---|---|
| 999 |
_c200429448 _d47372 |
||
| 001 | 200429448 | ||
| 003 | TR-AnTOB | ||
| 005 | 20190902225944.0 | ||
| 007 | ta | ||
| 008 | 180411s2001 xxu |||| |||| 0|| 0 tur d | ||
| 040 |
_aTR-AnTOB _beng _erda _cTR-AnTOB |
||
| 041 | _atur | ||
| 050 | 0 | _aDR589 | |
| 090 |
_aDR589 _b.O5 2001 |
||
| 245 | 1 | 0 |
_aÖncesiyle ve sonrasıyla 100 soruda Mondros Mütarekesi ve Sevr anlaşması / _cGenelkurmay Askeri Tarih ve Stratejik Etüt Başkanlığı. |
| 246 | 2 | 3 | _aÖncesiyle ve Sonrasıyla Yüz Soruda Mondros Mütarekesi ve Sevr Anlaşması |
| 246 | 2 | 3 | _aÖncesiyle ve Sonrasıyla Yüz Soruda Mondros Mütarekesi ve Sevr Antlaşması |
| 264 | 1 |
_aAnkara : _bGenelkurmay Askeri Tarih ve Stratejik Etüt Başkanlığı Yayınları, _c2001. |
|
| 300 |
_a101 pages ; _c20 cm. |
||
| 336 |
_atext _2rdacontent _btxt |
||
| 337 |
_aunmediated _2rdamedia _bn |
||
| 338 |
_avolume _2rdacarrier _bnc |
||
| 490 | 0 |
_aGenel Kurmay Basımevi ; _v2002/118 |
|
| 590 | _aDonated by Levent Kuşoğlu | ||
| 630 | 0 | 0 |
_aTreaty of Sèvres _d(1920) _9119432 |
| 630 |
_aSevr Antlaşması _d(1920) _990462 |
||
| 650 | 0 |
_aWorld War, 1914-1918 _924370 |
|
| 650 |
_aDünya Savaşı, 1914-1918 _96428 |
||
| 710 |
_aTürkiye. _bAskeri Tarih ve Stratejik Etüt Başkanlığı _940284 |
||
| 942 |
_2lcc _cBK |
||